000 01070cad a22002175a 4500
001 L153306
008 110708s2011 xxk f 000 0 eng d
035 _a(Sirsi) u153306
041 0 _aeng
110 2 _aConstructing Excellence in the Built Environment
_94925
245 0 0 _a2011 UK industry performance report based on the UK construction industry key performance indicators KPI
_h[electronic resource]
250 _a13th ed.
260 _aLondon
_bConstructing Excellence in the Built Environment
_c2011
520 _aThis report provides an overview of the construction industry's performance and contains trend data for economic performance, people performance and environmental performance, as well as for housing, consultants and M&E contractors.
590 _aKA NTK
651 4 _aUnited Kingdom
_y
690 _aBUILT ENVIRONMENT-CONSTRUCTION MANAGEMENT
710 1 _aEmap Glenigan
_94719
856 4 0 _uhttps://www.constructingexcellence.org.uk/pdf/KPI_Report_2011.pdf
_z View this item free of charge at www.constructingexcellence.org.uk
942 _n0
999 _c112460
_d112460